| 000 | 00000nam##2200000za#4500 |
| 001 | 9.601849 |
| 003 | CaOODSP |
| 005 | 20210624210255 |
| 007 | cr ||||||||||| |
| 008 | 150406|1994||||xxc|||||o f|0| 0 fre|d |
| 040 | |aCaOODSP|bfre |
| 043 | |an-cn--- |
| 086 | 1 |aEn1-17/15-1995F-PDF |
| 110 | 1 |aCanada.|bEnvironnement Canada. |bSection Développement technologique. |
| 245 | 10|aDéchets dangereux. Décontamination de condensateurs aux BPC par le procédé Décontaksolv |h[ressource électronique] |
| 260 | |aMontréal - Québec : |bEnvironnement Canada. |cJanvier 1994. |
| 300 | |a4p.|bfigures (certaines en couleur), tableaux, photographies |
| 490 | 1 |aTechnologies Saint-Laurent |
| 590 | |a12-02-Supp|b2012-01-20 |
| 691 | 07|aDéchets dangereux|2gcpds |
| 691 | 07|aDécontamination|2gcpds |
| 775 | 08|tHazardous wastes. Decontaksolv process for the decontamination of PCB capacitors |w(CaOODSP)9.571223 |
| 776 | 0#|tDéchets dangereux: décontamination de condensateurs aux BPC par le procédé Décontaksolv / |w(CaOODSP)9.623452 |
| 830 | #0|aTechnologies Saint-Laurent.|w(CaOODSP)9.500861 |
| 856 | 40|ahttp://publications.gc.ca|qPDF|s467 Ko|uhttps://publications.gc.ca/collections/Collection/En1-17-15-1995F.pdf |